Statistics for All of Kesha's Songs

Click here to take the quiz!

General Stats

  • This quiz has been taken 167 times
  • The average score is 23 of 69

Answer Stats

HintAnswer% Correct
ANIMALTiK ToK
95%
CANNIBALCannibal
85%
WARRIORDie Young
78%
ANIMALAnimal
75%
ANIMALYour Love is My Drug
72%
RAINBOWPraying
68%
CANNIBALWe R Who We R
68%
ANIMALTake it Off
67%
CANNIBALBlow
65%
RAINBOWRainbow
62%
WARRIORC'mon
60%
WARRIORWarrior
58%
HIGH ROADHigh Road
57%
CANNIBALGrow a Pear
55%
WARRIORCrazy Kids
53%
ANIMALDinosaur
53%
ANIMALBlah Blah Blah
48%
ANIMALStephen
48%
RAINBOWWoman
45%
ANIMALParty at a Rich Dude's House
43%
RAINBOWBoots
38%
ANIMALDancing With Tears in My Eyes
38%
HIGH ROADRaising Hell
38%
ANIMALBackstabber
37%
ANIMALBlind
32%
WARRIORGold Trans Am
32%
ANIMALKiss N Tell
32%
RAINBOWLearn to Let Go
30%
CANNIBALThe Harold Song
30%
RAINBOWBastards
28%
CANNIBALCrazy Beautiful Life
28%
ANIMALHungover
27%
RAINBOWLet 'Em Talk
25%
CANNIBALSleazy
25%
RAINBOWSpaceship
25%
ANIMALBoots & Boys
23%
RAINBOWFinding You
23%
RAINBOWHymn
23%
HIGH ROADMy Own Dance
23%
HIGH ROADTonight
23%
RAINBOWGodzilla
22%
RAINBOWHunt You Down
22%
HiGH ROADSummer
22%
WARRIORSupernatural
22%
ANIMALVIP
22%
HIGH ROADFather Daughter Dance
18%
HIGH ROADKinky
18%
HIGH ROADLittle Bit of Love
18%
RAINBOWOld Flames
18%
WARRIOROut Alive
18%
HIGH ROADResentment
18%
HIGH ROADShadow
18%
WARRIORWherever You Are
18%
RAINBOWBoogie Feet
17%
HIGH ROADCowboy Blues
17%
WARRIORDirty Love
17%
WARRIORLove Into The Light
17%
HIGH ROADPotato Song
17%
WARRIORWonderland
17%
HIGH ROADBFF
15%
HIGH ROADHoney
15%
WARRIORPast Lives
15%
WARRIORAll That Matters
13%
HIGH ROADBirthday Suit
13%
HIGH ROADChasing Thunder
13%
WARRIORLast Goodbye
12%
WARRIOROnly Wanna Dance With You
12%
WARRIORThinking of You
10%
CANNIBALAnimal (Billboard Remix)
3%

Score Distribution

Percentile by Number Answered

Percent of People with Each Score

Your Score History

You have not taken this quiz